<?xml version="1.0" encoding="UTF-8"?>
<record
    xmlns:xsi="http://www.w3.org/2001/XMLSchema-instance"
    xsi:schemaLocation="http://www.loc.gov/MARC21/slim http://www.loc.gov/standards/marcxml/schema/MARC21slim.xsd"
    xmlns="http://www.loc.gov/MARC21/slim">

  <leader>00782nam a22001337a 4500</leader>
  <datafield tag="040" ind1=" " ind2=" ">
    <subfield code="c">RUA</subfield>
  </datafield>
  <datafield tag="082" ind1=" " ind2=" ">
    <subfield code="a">Ms. SOV 2021 B1.278 Or.</subfield>
  </datafield>
  <datafield tag="100" ind1=" " ind2=" ">
    <subfield code="a">SOV SINEN &#x179F;&#x17BC;&#x179C; &#x179F;&#x17CA;&#x17B8;&#x178E;&#x17C1;&#x1793;</subfield>
  </datafield>
  <datafield tag="245" ind1=" " ind2=" ">
    <subfield code="a">EFFECTS OF N P K FERTILIZER, BOICHAR AND OTHER ORGANIC FERTILIZERS ON SOIL QUALITY AND RICE YIELD ON PRATEAH LAND SOIL GROUP &#x17A5;&#x1791;&#x17D2;&#x1792;&#x17B7;&#x1796;&#x179B;&#x1793;&#x17C3;&#x1787;&#x17B8; N P K &#x1787;&#x17B8;&#x179C;&#x1792;&#x17D2;&#x1799;&#x17BC;&#x1784;&#x17A2;&#x1784;&#x17D2;&#x1780;&#x17B6;&#x1798;&#x200B; &#x1793;&#x17B7;&#x1784;&#x1787;&#x17B8;&#x179F;&#x179A;&#x17B8;&#x179A;&#x17B6;&#x1784;&#x17D2;&#x1782;&#x1795;&#x17D2;&#x179F;&#x17C1;&#x1784;&#x17D7;&#x179B;&#x17BE;&#x1782;&#x17BB;&#x178E;&#x1797;&#x17B6;&#x1796;&#x178A;&#x17B8; &#x1793;&#x17B7;&#x1784;&#x1791;&#x17B7;&#x1793;&#x17D2;&#x1793;&#x1795;&#x179B;&#x179F;&#x17D2;&#x179A;&#x17BC;&#x179C;&#x1793;&#x17C5;&#x179B;&#x17BE;&#x1780;&#x17D2;&#x179A;&#x17BB;&#x1798;&#x178A;&#x17B8;&#x1794;&#x17D2;&#x179A;&#x1791;&#x17C7;&#x17A1;&#x17B6;&#x1784;</subfield>
  </datafield>
  <datafield tag="260" ind1=" " ind2=" ">
    <subfield code="a">PHNOM PENH</subfield>
    <subfield code="b">RUA</subfield>
    <subfield code="c">2021</subfield>
  </datafield>
  <datafield tag="300" ind1=" " ind2=" ">
    <subfield code="a">XII. 52P</subfield>
    <subfield code="b">VII.</subfield>
    <subfield code="c">29CM</subfield>
  </datafield>
  <datafield tag="856" ind1=" " ind2=" ">
    <subfield code="u">https://drive.google.com/file/d/1bR5J5SeNNvlasZG5o4_H6pg_SlJts2i7/view?usp=sharing</subfield>
  </datafield>
  <datafield tag="942" ind1=" " ind2=" ">
    <subfield code="c">NRM</subfield>
  </datafield>
  <datafield tag="999" ind1=" " ind2=" ">
    <subfield code="c">23649</subfield>
    <subfield code="d">23649</subfield>
  </datafield>
  <datafield tag="952" ind1=" " ind2=" ">
    <subfield code="0">0</subfield>
    <subfield code="1">0</subfield>
    <subfield code="2">ddc</subfield>
    <subfield code="4">0</subfield>
    <subfield code="6">MS___SOV_2021_000000000000000_B1_278_OR_1</subfield>
    <subfield code="7">0</subfield>
    <subfield code="9">101365</subfield>
    <subfield code="a">LBB</subfield>
    <subfield code="b">LBB</subfield>
    <subfield code="c">B1.278</subfield>
    <subfield code="d">2024-09-10</subfield>
    <subfield code="o">Ms. SOV 2021 B1.278 Or.1</subfield>
    <subfield code="p">a077438</subfield>
    <subfield code="r">2024-09-10</subfield>
    <subfield code="w">2024-09-10</subfield>
    <subfield code="y">NRM</subfield>
  </datafield>
  <datafield tag="952" ind1=" " ind2=" ">
    <subfield code="0">0</subfield>
    <subfield code="1">0</subfield>
    <subfield code="2">ddc</subfield>
    <subfield code="4">0</subfield>
    <subfield code="6">MS___SOV_2021_000000000000000_B1_278_OR_2</subfield>
    <subfield code="7">0</subfield>
    <subfield code="9">101366</subfield>
    <subfield code="a">LBB</subfield>
    <subfield code="b">LBB</subfield>
    <subfield code="c">B1.278</subfield>
    <subfield code="d">2024-09-10</subfield>
    <subfield code="l">1</subfield>
    <subfield code="o">Ms. SOV 2021 B1.278 Or.2</subfield>
    <subfield code="p">a077398</subfield>
    <subfield code="r">2025-06-10</subfield>
    <subfield code="s">2025-05-12</subfield>
    <subfield code="w">2024-09-10</subfield>
    <subfield code="y">NRM</subfield>
  </datafield>
  <datafield tag="952" ind1=" " ind2=" ">
    <subfield code="0">0</subfield>
    <subfield code="1">0</subfield>
    <subfield code="2">ddc</subfield>
    <subfield code="4">0</subfield>
    <subfield code="6">MS___SOV_2021_000000000000000_B1_278_OR_3</subfield>
    <subfield code="7">0</subfield>
    <subfield code="9">101367</subfield>
    <subfield code="a">LBB</subfield>
    <subfield code="b">LBB</subfield>
    <subfield code="c">B1.278</subfield>
    <subfield code="d">2024-09-10</subfield>
    <subfield code="o">Ms. SOV 2021 B1.278 Or.3</subfield>
    <subfield code="p">a077418</subfield>
    <subfield code="r">2024-09-10</subfield>
    <subfield code="w">2024-09-10</subfield>
    <subfield code="y">NRM</subfield>
  </datafield>
  <datafield tag="952" ind1=" " ind2=" ">
    <subfield code="0">0</subfield>
    <subfield code="1">0</subfield>
    <subfield code="2">ddc</subfield>
    <subfield code="4">0</subfield>
    <subfield code="6">MS___SOV_2021_000000000000000_B1_278_OR_4</subfield>
    <subfield code="7">0</subfield>
    <subfield code="9">101368</subfield>
    <subfield code="a">LBB</subfield>
    <subfield code="b">LBB</subfield>
    <subfield code="c">B1.278</subfield>
    <subfield code="d">2024-09-10</subfield>
    <subfield code="l">1</subfield>
    <subfield code="o">Ms. SOV 2021 B1.278 Or.4</subfield>
    <subfield code="p">a077450</subfield>
    <subfield code="r">2025-02-17</subfield>
    <subfield code="s">2024-12-20</subfield>
    <subfield code="w">2024-09-10</subfield>
    <subfield code="y">NRM</subfield>
  </datafield>
</record>
